• 首页
  • 本馆介绍
  • 公告通知
  • 最新文献
  • 馆藏检索
  • 电子资源
  • 读者导购
  • 参考咨询
  • 我的图书馆
  • 登录
  • 详细信息显示
  • 放入我的书架
  • 预约/预借图书
  • 作者相关作品
  • 分类相关作品
  • 丛书相关作品
  • 出版社相关作品

书目信息

  • 表格格式
  • 工作单格式
  • 卡片格式
题名:
数学园地的盆栽艺术
    
 
作者: 王则柯 著
分册:  
出版信息: 北京   科学普及出版社  1984
页数: 112页
开本: 19cm
丛书名:
单 册:
中图分类: O151.1 , O1-49
科图分类:
主题词: 代数方程-计算方法 , 计算方法-代数方程 , 数学
电子资源:
ISBN:
000 00816nam0 2200289 45
001 0184002041
005 20040521154828.2
010    @dCNY0.48
091    @a13051.1331
100    @a19950706d1984 em y0chiy0121 ea
101 0  @achi
102    @aCN@b110000
105    @ay z 000yy
106    @ar
200 10 @a数学园地的盆栽艺术@Ashu xue yuan di de pen zai yi shu@e代数方程的攀藤算法@f王则柯著
210    @a北京@c科学普及出版社@d1984
215    @a112页@d19cm
517 1  @a代数方程的攀藤算法@Adai shu fang cheng de pan teng suan fa
606    @a代数方程-计算方法
606    @a计算方法-代数方程
606 0  @a数学
690    @aO151.1@v3
690    @aO1-49
701  0 @a王则柯@Awang ze ke@4著
801  0 @aCN@b上海图书馆@c20040521
801  2 @aCN@bNLC@c20040521
905    @f2@b132240-241@dO1-49@e124
    
    数学园地的盆栽艺术:代数方程的攀藤算法/王则柯著.-北京:科学普及出版社,1984
    112页;19cm
    
    
    ISBN :CNY0.48
    
●
相关链接 在E读中查询图书 在五车中查询图书 在当当中查询图书 在豆瓣中查询图书


正题名:数学园地的盆栽艺术     索取号:O1-49/124         预约/预借

序号 登录号 条形码 馆藏地/架位号 状态 备注
1 0132240   001247671   第三借阅区/ [索取号:O1-49/124] 在馆    
2 0132241   001247635   第三借阅区/ [索取号:O1-49/124] 在馆    
3 0132242   202091663   第二样本阅览室/ [索取号:O1-49/124] 在馆    
唐山师范学院图书馆 欢迎您!
大连网信软件有限公司© 版权所有